A zene és a közösség szerepe a gyászban roma kulturális gyakorlatok
| Szerző: | |
|---|---|
| További közreműködők: | |
| Dokumentumtípus: | Diplomadolgozat |
| Kulcsszavak: | gász gyászfeldolgozás közösség kultúra roma kultúra zene |
| Online Access: | http://dolgozattar.uni-bge.hu/60143 |
MARC
| LEADER | 00000nta a2200000 i 4500 | ||
|---|---|---|---|
| 001 | dolg60143 | ||
| 005 | 20260409150039.0 | ||
| 008 | 260409suuuu hu om 000 hun d | ||
| 040 | |a BGE Dolgozattár Repozitórium |b hun | ||
| 041 | |a hu | ||
| 100 | 1 | |a Szokolay Piroska | |
| 245 | 1 | 2 | |a A zene és a közösség szerepe a gyászban |b roma kulturális gyakorlatok |c Szokolay Piroska |h [elektronikus dokumentum] |
| 520 | 3 | |a Dolgozatom középpontjában a gyász közösségi feldolgozásának kérdése áll, különösen a zene és a közösségi rituálék szerepének vizsgálatával. Kutatásom során arra kerestem választ, hogy miért segíthet jobban a közösség és a közös zenélés a gyász feldolgozásában, mint az egyéni út, és hogyan kapcsolódnak mindehhez a roma hagyományok. A munkám során kvalitatív módszert alkalmaztam: egy népzenésszel, egy gyászterapeutával, egy közösségi tér szociális munkásával és egy roma származású hölggyel készítettem mélyinterjút. A kutatás feltárta, hogy a közösség, a közös zenei alkotás és a hagyományok megtartó ereje kulcsszerepet játszik a veszteségek feldolgozásában, különösen akkor, amikor az egyén saját erőforrásai már nem elegendőek. Az eredmények rámutatnak, hogy a közösségi terek és a zene adta lehetőségek a mai világban is hatékony eszközök lehetnek a gyászélmények feldolgozásában, és megerősítik a közösségi gyászterek szükségességét a jövőben is. | |
| 695 | |a gász | ||
| 695 | |a gyászfeldolgozás | ||
| 695 | |a közösség | ||
| 695 | |a kultúra | ||
| 695 | |a roma kultúra | ||
| 695 | |a zene | ||
| 700 | 1 | |a Takács Dr. Edit |e ths | |
| 856 | 4 | 0 | |u http://dolgozattar.uni-bge.hu/60143/1/szokolay_piroska_szakdolgozat.pdf |z Dokumentum-elérés |
| 856 | 4 | 0 | |u http://dolgozattar.uni-bge.hu/60143/2/Szokolay%20Piroska_KeszeiBarbara.pdf |z Dokumentum-elérés |
| 856 | 4 | 0 | |u http://dolgozattar.uni-bge.hu/60143/3/Szokolay%20Piroska_konzulens_b%C3%ADr%C3%A1lat_Tak%C3%A1csEdit.pdf |z Dokumentum-elérés |